LEADER 00936nam a2200217 i 4500 001 000000151719 003 CaOOAMICUS 005 20060710000000.0 008 060710n it u000 u ita u 013 $a129058 040 $aSeMil$bita 245 10$aVolume 1. 246 04$iTitolo in copertina:$aLa Cattedrale, Santa Maria della Croce, La Pieve di Palazzo, San Pietro e Santa Chiara 300 $a288 p. 700 1 $aZucchelli, Giorgio.$0(OLS)http://semarc/name/7397 773 0 $aZucchelli, Giorgio$tArchitetture dello Spirito.$dCremona : Il nuovo Torrazzo, 2003.$gVolume1$w()16012 850 $aSeMil 852 $aSeMil$W1$xVenegono$y1$m3P V 327$j103702$B103702$CSeMilBibl$Z2$F113552 $81 961 $aOmaggio: Tettamanzi Card. Dionigi 996 $6245$aVolume 1$9(OLS)http://semarc/title/46244 996 $6246$aLa Cattedrale, Santa Maria della Croce, La Pieve di Palazzo, San Pietro e Santa Chiara$9(OLS)http://semarc/title/221708 LEADER 00998nam a2200253 i 4500 001 000000212830 003 CaOOAMICUS 005 20231020102538.0 008 120430s1890 fr u000 u fre u 013 $a191679 040 $aSeMil$bita 100 1 $aZola, Émile,$d<1840-1902>.$0(OLS)http://semarc/name/8824 245 13$aLa bête humaine /$cpar Émile Zola. 250 $a17. mille. 260 $aParis :$bG. Charpentier et C.,$c1890. 300 $a415 p. ;$c18 cm. 490 0 $aBibliothèque Charpentier 773 0 $aZola, Émile <1840-1902>$tRougon-Macquart.$dParis : Charpentier, [187?]$kBibliothèque Charpentier$w()26091 830 0$aBibliothèque Charpentier.$0(OLS)http://semarc/title/35188 850 $aSeMil 852 $aSeMil$W1$xVenegono$y1$m1W VI 108 FA$j163260$B163260$CSeMilBibl$Z2$F174373 $8I 996 $6245$aLa bête humaine$9(OLS)http://semarc/title/307116 996 $6260$aParis :$bG. Charpentier et C.$9(OLS)http://semarc/publisher/52707